| 000 | 00689nam a22002297a 4500 | ||
|---|---|---|---|
| 999 |
_c3722 _d3722 |
||
| 003 | AR-CdUCM | ||
| 008 | 190307b ||||| |||| 00| 0 spa d | ||
| 040 |
_aMUNICIPALIDAD PROVINCIAL DEL CUSCO _cBIBLIOTECA MUNICIPAL DEL CUSCO |
||
| 082 |
_a869.56 / _bB95 |
||
| 100 |
_aBustamante, Cecilia _912050 |
||
| 245 | _aTres Poetas (Antologia) / | ||
| 260 |
_aPerú : _bPro-Hombre , _c1956. |
||
| 300 |
_a60 páginas ; _c22 cm. |
||
| 500 | _a(Antologia) | ||
| 650 |
_aPoesia Peruana _9280 |
||
| 650 |
_aLiteratura Latinoamericana _9799 |
||
| 650 |
_aCorriente Poetica _912051 |
||
| 700 |
_aBacacorzo, Jorge _912052 |
||
| 700 |
_aConcuera, Arturo _912053 |
||
| 942 |
_2ddc _cLIBROS |
||
| 945 | _artm | ||